Manual de fórmulas técnicas
Salvato in:
| Autore principale: | |
|---|---|
| Natura: | Libro |
| Lingua: | spagnolo |
| Pubblicazione: |
Ciudad de México
Alfaomega
1981
|
| Edizione: | 18a. ed |
| Soggetti: | |
| Tags: |
Aggiungi Tag
Nessun Tag, puoi essere il primo ad aggiungerne!!
|
MARC
| LEADER | 00000nam a2200000 a 4500 | ||
|---|---|---|---|
| 001 | UCV6492 | ||
| 003 | CL-VaPUC | ||
| 008 | 921117e19810000MX |||||||||||||||||spa|d | ||
| 082 | 0 | 4 | |a 620.002 |b GIE |2 21 |
| 100 | |a Gieck, Kurt |e author |9 486291 | ||
| 245 | 1 | 0 | |a Manual de fórmulas técnicas |
| 250 | |a 18a. ed | ||
| 300 | |a 223 p | ||
| 942 | |c BK | ||
| 945 | |d 19921117 00:00:00 | ||
| 260 | |a Ciudad de México |b Alfaomega |c 1981 | ||
| 650 | 7 | |a TABLAS MATEMATICAS |2 CL-VaPUC |9 260265 | |
| 650 | 0 | |a Fórmulas matemáticas |9 263500 | |
| 583 | |a last modification |c 20140821 04:10:34 |k Rodrigo Vera | ||
| 999 | |c 212532 |d 212530 | ||
| 952 | |0 0 |1 0 |4 0 |6 620_002000000000000_GIE_1981 |7 0 |8 A |9 193583 |a BIBCUR |b BIBCUR |d 2019-11-14 |i 2615541 |l 2 |o 620.002 GIE 1981 |p 2615541 |r 2025-04-22 |s 2024-11-07 |w 2019-11-14 |y BK |k BCB | ||
| 952 | |0 0 |1 0 |4 0 |6 620_002000000000000_GIE_1981 |7 0 |8 A |9 193584 |a BIBING |b BIBING |d 2019-11-14 |i 2615568 |o 620.002 GIE 1981 |p 2615568 |r 2025-01-20 |w 2019-11-14 |y BK |k EIE | ||